000 00450nam a22001457a 4500
003 OSt
082 _a631.56
_bANJ/EF
088 _aT 502
100 _aAnjaly M G
_94967
245 _aEffect of combined treatments of ultrasound and ultraviolet radiation for preservation of pineapple juice
260 _aKCAET , Tavanur
_bDepartment of processing and agricultural engineering
_c2021
300 _a102 p
700 _aPrince M V (guide)
942 _cTH
999 _c17403
_d17403